000 00389nam a2200145Ia 4500
008 230411s9999 xx 000 0 und d
020 _a978-93-87791-14-5
041 _aeng
082 _aAD/610.6/HIN/B08934
100 _aN Ravi Kumar
245 _aThe Hindu Speaks on Management
260 _bTHG Publishing
_aChennai
_c2018
300 _a383p
999 _c158324
_d158324